Quiz o państwach#10 - Statystyki

Ogólne statystyki
  • Ten quiz został rozwiązany 13 razy
  • Średni wynik to 2 z 5
Statystyki odpowiedzi
Pytanie Odpowiedź % Poprawnych
Walutą tego państwa jest Forint Węgry
60%
W tym państwie znajduje się miasto Perth Australia
50%
Do tego państwa należy większośc Jeziora Titicaca Peru
50%
Stolica tego państwa to Port-of-Spain Trynidad i Tobago
50%
Najwyższym szczytem tego państwa to Mogoton Nikaragua
30%
Nie znaleziono quizów pasujących do podanych kryteriów
Rozkład punktacji
Procent ludzi z każdym wynikiem
Percentyl według liczby udzielonych odpowiedzi
Twoja historia wyników
Nie rozwiązałeś tego quizu